[Event "II Open"]
[Site "Bergamo ITA"]
[Date "2003.07.25"]
[Round "1"]
[White "Belotti, Bruno"]
[Black "Borboni, Paolo"]
[Result "1-0"]
[WhiteElo "2435"]
[BlackElo "1629"]
[PlyCount "27"]
[EventDate "2003.07.25"]

1.e4 d6 2.d4 Nf6 3.Nc3 g6 4.g3 Bg7 5.Bg2 O-O 6.Nge2 e5 7.h3 Nc6 8.Be3 Bd7 
9.O-O Qe7 10.Qd2 a6 11.Bg5 Rae8 12.Nd5 Qd8 13.dxe5 dxe5 14.Bxf6 1-0

[Event "II Open"]
[Site "Bergamo ITA"]
[Date "2003.07.25"]
[Round "1"]
[White "Cortese, Davide"]
[Black "Naumkin, Igor"]
[Result "0-1"]
[WhiteElo "1627"]
[BlackElo "2406"]
[PlyCount "104"]
[EventDate "2003.07.25"]

1.d4 e6 2.Nf3 Nf6 3.e3 b6 4.Bd3 Bb7 5.b3 c5 6.Bb2 cxd4 7.exd4 Be7 8.O-O 
O-O 9.c4 d5 10.Nc3 Nc6 11.Rc1 Rc8 12.Ne5 dxc4 13.Nxc6 Bxc6 14.bxc4 Qd7 15.
Qd2 Rfd8 16.Rfd1 Qb7 17.Bf1 Qb8 18.h3 h6 19.Qe3 Ne8 20.Ne4 Bxe4 21.Qxe4 
Bf6 22.Bd3 g6 23.Bb1 Nd6 24.Qe2 b5 25.c5 Nc4 26.Bc3 e5 27.dxe5 Rxd1+ 28.
Rxd1 Bxe5 29.Bxe5 Qxe5 30.Qxe5 Nxe5 31.Rd5 Nc6 32.a3 Kf8 33.Be4 Rd8 34.Kf1
Ke7 35.Ke2 Nd4+ 36.Ke3 Ne6 37.Rxd8 Kxd8 38.Bd5 Ke7 39.Bxe6 Kxe6 40.Ke4 h5 
41.h4 f6 42.f4 a6 43.g3 a5 44.Kd4 f5 45.c6 Kd6 46.c7 Kxc7 47.Kc5 b4 48.
axb4 a4 49.Kc4 Kb6 50.b5 a3 51.Kb3 Kxb5 52.Kxa3 Kc4 0-1

[Event "II Open"]
[Site "Bergamo ITA"]
[Date "2003.07.25"]
[Round "1"]
[White "Drazic, Sinisa"]
[Black "Brunelli, Giovanni"]
[Result "1-0"]
[WhiteElo "2463"]
[BlackElo "1642"]
[PlyCount "55"]
[EventDate "2003.07.25"]

1.d4 d5 2.Nf3 e6 3.c4 c6 4.Qb3 Nf6 5.g3 Nbd7 6.Bg2 Be7 7.O-O O-O 8.Nc3 Qc7
9.Bf4 Bd6 10.e3 Bxf4 11.gxf4 dxc4 12.Qxc4 a6 13.a4 Nb6 14.Qc5 Nbd5 15.a5 
Nxc3 16.bxc3 Ne4 17.Qa3 h6 18.Ne5 Nd6 19.Rfc1 Bd7 20.c4 Nf5 21.Rab1 Rab8 
22.Rb6 Nh4 23.Qe7 Nxg2 24.Kxg2 Rbd8 25.Rcb1 Qc8 26.Rxb7 Be8 27.Ng6 Bd7 28.
Nxf8 1-0

[Event "II Open"]
[Site "Bergamo ITA"]
[Date "2003.07.25"]
[Round "1"]
[White "Regorda, Vittorio"]
[Black "Dervishi, Erald"]
[Result "0-1"]
[WhiteElo "1645"]
[BlackElo "2495"]
[PlyCount "106"]
[EventDate "2003.07.25"]

1.c4 e6 2.Nc3 d5 3.d4 Nf6 4.cxd5 exd5 5.Bf4 Be7 6.Nf3 O-O 7.e3 c6 8.Be2 
Nbd7 9.h3 Re8 10.O-O Nf8 11.Rb1 Bf5 12.Bd3 Bxd3 13.Qxd3 Ng6 14.Bh2 Bd6 15.
b4 a6 16.Rfc1 Bxh2+ 17.Kxh2 Ne4 18.Rc2 Qf6 19.Qf1 Nd6 20.a4 Nc4 21.Re2 h6 
22.Kh1 Qf5 23.Ra2 Re6 24.Ne2 Nd6 25.Ng3 Qf6 26.Nh5 Qe7 27.Qd3 Ne4 28.Kg1 
Qd6 29.Rab2 Ree8 30.b5 axb5 31.axb5 Ra3 32.Qf1 Nc3 33.Rc1 Nxb5 34.Rxb5 
cxb5 35.Qxb5 Re7 36.Ng3 Qd7 37.Qb1 Re8 38.h4 Rc8 39.Rf1 b5 40.h5 Ne7 41.
Ne5 Qb7 42.Nd3 Rc4 43.Nc5 Qc6 44.Nf5 Nxf5 45.Qxf5 Rac3 46.Qe5 Rc1 47.Qb8+ 
Kh7 48.Qf8 Qf6 49.Nd3 Rxf1+ 50.Kxf1 Qf5 51.Nf4 b4 52.Kg1 b3 53.Kh2 b2 0-1

[Event "II Open"]
[Site "Bergamo ITA"]
[Date "2003.07.25"]
[Round "1"]
[White "Scarpellini, Felice"]
[Black "Pilgaard, Kim"]
[Result "0-1"]
[WhiteElo "1633"]
[BlackElo "2446"]
[PlyCount "52"]
[EventDate "2003.07.25"]

1.c4 e5 2.Nc3 Nf6 3.g3 d5 4.cxd5 Nxd5 5.Bg2 Nb6 6.a3 Be7 7.Nf3 Nc6 8.O-O 
O-O 9.d3 f5 10.b4 Bf6 11.Bb2 Be6 12.Qc2 Qd7 13.Rac1 Nd4 14.Nxd4 exd4 15.
Nb1 c6 16.Nd2 Rad8 17.Nb3 Bd5 18.Nc5 Qf7 19.a4 Rfe8 20.a5 Bxg2 21.Kxg2 Nd5
22.Qd2 Qh5 23.Rce1 Rd6 24.Nb3 Bg5 25.Qd1 Nf4+ 26.gxf4 Bxf4 0-1

[Event "II Open"]
[Site "Bergamo ITA"]
[Date "2003.07.25"]
[Round "2"]
[White "Cedriano, Filippo"]
[Black "Lazic, Miroljub"]
[Result "0-1"]
[WhiteElo "1861"]
[BlackElo "2506"]
[PlyCount "40"]
[EventDate "2003.07.25"]

1.e4 Nc6 2.d4 e5 3.d5 Nce7 4.Nf3 d6 5.c4 g6 6.Nc3 Bg7 7.Be2 f5 8.exf5 Bxf5
9.Be3 Nf6 10.h3 O-O 11.Qd2 Bd7 12.g4 c6 13.Bh6 cxd5 14.Bxg7 Kxg7 15.cxd5 
b5 16.g5 Nh5 17.Nh4 Nf4 18.Nxb5 Bxb5 19.Bxb5 Rc8 20.Ba4 Rc4 0-1

[Event "II Open"]
[Site "Bergamo ITA"]
[Date "2003.07.25"]
[Round "2"]
[White "Dervishi, Erald"]
[Black "Locatelli, Andrea"]
[Result "1-0"]
[WhiteElo "2495"]
[BlackElo "2011"]
[PlyCount "69"]
[EventDate "2003.07.25"]

1.e4 c5 2.Nf3 d6 3.d4 cxd4 4.Nxd4 Nf6 5.Nc3 a6 6.Be2 e5 7.Nb3 Be6 8.O-O 
Be7 9.Kh1 Nbd7 10.a4 O-O 11.a5 Qc7 12.Be3 Rfc8 13.f3 Bc4 14.Bxc4 Qxc4 15.
Rf2 Qc6 16.Rd2 Kh8 17.Nc1 b5 18.N1a2 Qc4 19.Rd3 Bf8 20.b3 Qc7 21.Nb4 d5 
22.Nbxd5 Nxd5 23.exd5 b4 24.d6 Qc6 25.Nd5 Rd8 26.Nb6 Rab8 27.Nc4 Rb5 28.
Qd2 e4 29.fxe4 Ne5 30.Rd4 Nxc4 31.Rxc4 Qxd6 32.Qxd6 Bxd6 33.Rd1 Rbb8 34.
Bb6 Bc7 35.Rxd8+ 1-0

[Event "II Open"]
[Site "Bergamo ITA"]
[Date "2003.07.25"]
[Round "2"]
[White "Giannetta, Paolo"]
[Black "Capuano, Eugenio"]
[Result "0-1"]
[WhiteElo "1705"]
[BlackElo "2143"]
[PlyCount "38"]
[EventDate "2003.07.25"]

1.d4 d5 2.Nf3 Nf6 3.e3 c6 4.Bd3 Bg4 5.h3 Bh5 6.Nbd2 e6 7.c3 Nbd7 8.g4 Bg6 
9.Qc2 Qc7 10.e4 dxe4 11.Nxe4 Nd5 12.Neg5 Bxd3 13.Qxd3 h6 14.Ne4 O-O-O 15.
Be3 f5 16.gxf5 exf5 17.Nc5 Bxc5 18.dxc5 Nxe3 19.fxe3 Qg3+ 0-1

[Event "II Open"]
[Site "Bergamo ITA"]
[Date "2003.07.25"]
[Round "2"]
[White "Pilgaard, Kim"]
[Black "Schiatti, Piero"]
[Result "1-0"]
[WhiteElo "2446"]
[BlackElo "1879"]
[PlyCount "53"]
[EventDate "2003.07.25"]

1.e4 d5 2.exd5 Qxd5 3.Nc3 Qa5 4.d4 c6 5.Bc4 Bf5 6.Qe2 Nf6 7.Nf3 e6 8.Bd2 
Bb4 9.a3 Nbd7 10.O-O-O Bxc3 11.Bxc3 Qc7 12.Kb1 O-O 13.Ne5 Nxe5 14.dxe5 Nd5
15.Bxd5 cxd5 16.g4 Bg6 17.h4 h6 18.h5 Bh7 19.Rhg1 Rac8 20.g5 hxg5 21.Rxg5 
Qc4 22.Qf3 Bf5 23.Qg3 g6 24.hxg6 Rc7 25.g7 Rfc8 26.Qh2 Bh7 27.Qxh7+ 1-0

[Event "II Open"]
[Site "Bergamo ITA"]
[Date "2003.07.26"]
[Round "3"]
[White "Agnelli, Francesco"]
[Black "Pilgaard, Kim"]
[Result "0-1"]
[WhiteElo "2102"]
[BlackElo "2446"]
[PlyCount "86"]
[EventDate "2003.07.25"]

1.e4 e5 2.Nf3 Nc6 3.Bb5 g6 4.O-O Bg7 5.Re1 Nge7 6.c3 O-O 7.d4 exd4 8.cxd4 
d6 9.h3 a6 10.Ba4 b5 11.Bb3 Bb7 12.Nc3 Na5 13.Bc2 c5 14.d5 Nc4 15.Rb1 Nc8 
16.Ne2 N8b6 17.Ng3 Nd7 18.Nh2 Qa5 19.a4 bxa4 20.Bxa4 Nde5 21.Bc2 Rfe8 22.
f4 Nd7 23.Nf3 Rab8 24.Bd3 Qb4 25.Re2 Bc8 26.Qc2 Na5 27.Bd2 Qb6 28.Kh2 Nb3 
29.Be3 a5 30.Rf2 Nf6 31.Re2 Ba6 32.Bxa6 Qxa6 33.Rd1 Nxe4 34.Nxe4 Rxe4 35.
Qxe4 Qxe2 36.Re1 Qxb2 37.Ng5 h6 38.Rb1 Qf6 39.Nf3 Rb4 40.Qe8+ Kh7 41.Rf1 
Qf5 42.g4 Qxd5 43.f5 Re4 0-1

[Event "II Open"]
[Site "Bergamo ITA"]
[Date "2003.07.26"]
[Round "3"]
[White "Barberi, Alessandro"]
[Black "Contin, Daniel"]
[Result "0-1"]
[WhiteElo "2106"]
[BlackElo "2356"]
[PlyCount "58"]
[EventDate "2003.07.25"]

1.d4 e6 2.c4 Nf6 3.Nf3 b6 4.e3 Bb7 5.Bd3 c5 6.Nbd2 g6 7.b3 Bg7 8.Bb2 O-O 
9.O-O d6 10.Qe2 Nc6 11.Rad1 Qe7 12.Bb1 Nh5 13.Ne4 f5 14.Ng3 Nf6 15.dxc5 
bxc5 16.Rd2 Ne8 17.Bxg7 Nxg7 18.Rfd1 Rad8 19.Nf1 e5 20.Ne1 Ne6 21.a3 a5 
22.Rb2 Rd7 23.Nc2 e4 24.g3 Ng5 25.Ne1 Ne5 26.Nd2 Qg7 27.Ra2 Nh3+ 28.Kg2 
Qh6 29.Qf1 Ng4 0-1

[Event "II Open"]
[Site "Bergamo ITA"]
[Date "2003.07.26"]
[Round "3"]
[White "Bemporad, Filippo"]
[Black "Naumkin, Igor"]
[Result "0-1"]
[WhiteElo "2083"]
[BlackElo "2406"]
[PlyCount "64"]
[EventDate "2003.07.25"]

1.d4 e6 2.Nf3 Nf6 3.g3 d5 4.Bg2 c5 5.c4 Nc6 6.cxd5 Nxd5 7.O-O Be7 8.Nc3 
O-O 9.Nxd5 exd5 10.dxc5 Bxc5 11.Qc2 Bb6 12.b3 h6 13.Bb2 Be6 14.Rfd1 Qe7 
15.Nd4 Rac8 16.Qd2 Rfd8 17.Rac1 Bg4 18.Qf4 Bxd4 19.Bxd4 Bxe2 20.Re1 Qb4 
21.Bxa7 Qxf4 22.gxf4 Bg4 23.Bb6 Rd7 24.a4 d4 25.f3 Be6 26.b4 Ra8 27.b5 Nb4
28.Bf1 d3 29.Red1 Rxa4 30.Bc5 Na2 31.Ra1 d2 32.Bb4 Rxb4 0-1

[Event "II Open"]
[Site "Bergamo ITA"]
[Date "2003.07.26"]
[Round "3"]
[White "Capuano, Eugenio"]
[Black "Dervishi, Erald"]
[Result "1/2-1/2"]
[WhiteElo "2143"]
[BlackElo "2495"]
[PlyCount "39"]
[EventDate "2003.07.25"]

1.Nf3 Nf6 2.c4 e6 3.Nc3 d5 4.d4 Be7 5.Qc2 O-O 6.Bg5 h6 7.Bxf6 Bxf6 8.Rd1 
dxc4 9.e4 c6 10.e5 Be7 11.Bxc4 b5 12.Bd3 Bb7 13.Qe2 b4 14.Qe4 g6 15.Ne2 
Ba6 16.Bb1 Bxe2 17.Kxe2 Qd5 18.h4 Qxe4+ 19.Bxe4 a5 20.Rc1 1/2-1/2

[Event "II Open"]
[Site "Bergamo ITA"]
[Date "2003.07.26"]
[Round "3"]
[White "Lazic, Miroljub"]
[Black "Gosio, Denis"]
[Result "1-0"]
[WhiteElo "2506"]
[BlackElo "2160"]
[PlyCount "69"]
[EventDate "2003.07.25"]

1.g3 d5 2.Nf3 Nf6 3.Bg2 e6 4.O-O Be7 5.d3 c5 6.Nbd2 Nc6 7.e4 O-O 8.Re1 b5 
9.e5 Nd7 10.Nf1 a5 11.h4 b4 12.N1h2 Ba6 13.Ng4 a4 14.h5 Kh8 15.Bf4 Nd4 16.
Nxd4 cxd4 17.b3 Bb5 18.Nh2 Qb6 19.h6 g6 20.Nf3 Rfc8 21.Bg5 Bf8 22.Qd2 Kg8 
23.Bh4 Bc5 24.Qf4 axb3 25.axb3 Ra3 26.Rac1 Ra2 27.Bf1 Qa7 28.Bh3 Qb6 29.
Ra1 Ra3 30.Rad1 Ra2 31.Rd2 Ra3 32.Rde2 Ba6 33.Bf6 Bb7 34.Ng5 Qc6 35.Bg7 
1-0

[Event "II Open"]
[Site "Bergamo ITA"]
[Date "2003.07.26"]
[Round "4"]
[White "Contin, Daniel"]
[Black "Drazic, Sinisa"]
[Result "1-0"]
[WhiteElo "2356"]
[BlackElo "2463"]
[PlyCount "95"]
[EventDate "2003.07.25"]

1.c4 c6 2.e4 d5 3.exd5 cxd5 4.d4 Nf6 5.Nc3 g6 6.Qb3 Bg7 7.cxd5 O-O 8.Be2 
b6 9.Bf3 Bb7 10.a4 Na6 11.a5 Qd6 12.Nge2 Qb4 13.Ra3 Rfd8 14.O-O bxa5 15.
Qa2 Qb6 16.Na4 Qb5 17.Nec3 Qe8 18.Nc5 Nb4 19.Qc4 Bxd5 20.Nxd5 Nfxd5 21.
Rxa5 Nc6 22.Ra6 Nb6 23.Qb5 Rac8 24.Nb3 Nxd4 25.Nxd4 Bxd4 26.Qxe8+ Rxe8 27.
Rxa7 Nc4 28.Ra4 Red8 29.b3 Ne5 30.Be4 f5 31.Bb7 Rc7 32.Ba6 Ng4 33.Bc4+ Kg7
34.h3 Nf6 35.Bd2 Rcd7 36.Ba5 Rb8 37.Be6 Ra7 38.Rd1 Ra6 39.Bc4 Rd6 40.Bc7 
Ne4 41.Rxd4 Rxd4 42.Be5+ Kf8 43.Bxd4 Rd8 44.Be3 Rd1+ 45.Kh2 f4 46.Be2 fxe3
47.Rxe4 Rb1 48.Rxe3 1-0

[Event "II Open"]
[Site "Bergamo ITA"]
[Date "2003.07.26"]
[Round "4"]
[White "Dallaglio, Giovanni"]
[Black "Belotti, Bruno"]
[Result "0-1"]
[WhiteElo "2034"]
[BlackElo "2435"]
[PlyCount "49"]
[EventDate "2003.07.25"]

1.d4 Nf6 2.c4 g6 3.Nc3 Bg7 4.Nf3 O-O 5.Bg5 c5 6.e3 cxd4 7.exd4 d5 8.cxd5 
Nxd5 9.Qb3 Nxc3 10.bxc3 Nc6 11.Be2 Qc7 12.O-O Be6 13.Qa3 Rfd8 14.Rfd1 Rd7 
15.Bh4 Qa5 16.Qxa5 Nxa5 17.Bb5 Rc7 18.Rac1 Rac8 19.c4 Nxc4 20.Bxe7 Rxe7 
21.d5 Nd6 22.dxe6 Rxc1 23.Rxc1 Nxb5 24.Rc8+ Bf8 25.Ng5 0-1

[Event "II Open"]
[Site "Bergamo ITA"]
[Date "2003.07.26"]
[Round "4"]
[White "Dervishi, Erald"]
[Black "Lapiccirella, Daniele"]
[Result "1-0"]
[WhiteElo "2495"]
[BlackElo "2087"]
[PlyCount "37"]
[EventDate "2003.07.25"]

1.e4 c5 2.Nf3 e6 3.d4 cxd4 4.Nxd4 Nc6 5.Nc3 a6 6.Be2 Qc7 7.O-O Nf6 8.Kh1 
d6 9.a4 Be7 10.Be3 O-O 11.f4 Bd7 12.Nb3 Rac8 13.Bf3 Na5 14.Nxa5 Qxa5 15.
Qe1 e5 16.Nd5 Qd8 17.Bb6 Qe8 18.Nc7 Qd8 19.Qa5 1-0

[Event "II Open"]
[Site "Bergamo ITA"]
[Date "2003.07.26"]
[Round "4"]
[White "Lorusso, Giuseppe"]
[Black "Capuano, Eugenio"]
[Result "0-1"]
[WhiteElo "1801"]
[BlackElo "2143"]
[PlyCount "68"]
[EventDate "2003.07.25"]

1.d4 d5 2.c4 c6 3.Nc3 Nf6 4.Nf3 a6 5.e3 b5 6.cxd5 cxd5 7.Bd3 e6 8.Ne5 Nbd7
9.f4 Bb7 10.O-O Be7 11.Bd2 O-O 12.Be1 b4 13.Nb1 Ne4 14.Nd2 f6 15.Nxd7 Qxd7
16.Qf3 f5 17.Qe2 Bd6 18.Nf3 a5 19.Bh4 Rac8 20.Ne5 Bxe5 21.fxe5 Rc7 22.g4 
Qe8 23.gxf5 exf5 24.Kh1 Qe6 25.Rg1 Qh6 26.Bg3 Rc6 27.Bf4 Qe6 28.Rg2 Rc7 
29.Rag1 a4 30.Qh5 Rff7 31.Qh6 Qxh6 32.Bxh6 Bc8 33.Bf4 Be6 34.Rc2 b3 0-1

[Event "II Open"]
[Site "Bergamo ITA"]
[Date "2003.07.26"]
[Round "4"]
[White "Pilgaard, Kim"]
[Black "Braghetta, Sergio"]
[Result "1-0"]
[WhiteElo "2446"]
[BlackElo "2258"]
[PlyCount "71"]
[EventDate "2003.07.25"]

1.e4 e6 2.d4 d5 3.Nc3 Bb4 4.exd5 exd5 5.Bd3 Nc6 6.a3 Be7 7.Nge2 Bf6 8.Bf4 
a6 9.Qd2 Nge7 10.Bg5 Qd6 11.O-O-O O-O 12.h4 Rb8 13.Qf4 Rd8 14.Bxf6 Qxf4+ 
15.Nxf4 gxf6 16.Rhe1 Rd6 17.Re3 Be6 18.Nh5 f5 19.Be2 Ng6 20.g3 Kh8 21.Bf3 
Nce7 22.Ne2 h6 23.Nhf4 Rbd8 24.Nd3 b6 25.h5 Nf8 26.Nef4 Nh7 27.Ne5 Kg7 28.
Be2 a5 29.Neg6 Nxg6 30.hxg6 Nf6 31.gxf7 Bxf7 32.Re1 R8d7 33.Bd3 c5 34.dxc5
bxc5 35.Bxf5 Rb7 36.Re7 1-0

[Event "II Open"]
[Site "Bergamo ITA"]
[Date "2003.07.27"]
[Round "5"]
[White "Belotti, Bruno"]
[Black "Naumkin, Igor"]
[Result "1/2-1/2"]
[WhiteElo "2435"]
[BlackElo "2406"]
[PlyCount "30"]
[EventDate "2003.07.25"]

1.c4 e5 2.g3 Nf6 3.Bg2 c6 4.d4 exd4 5.Qxd4 d5 6.Nf3 Be7 7.cxd5 cxd5 8.O-O 
O-O 9.Nc3 Nc6 10.Qa4 Be6 11.Be3 Qd7 12.Rad1 Rfd8 13.Ng5 h6 14.Nxe6 fxe6 
15.h3 Bd6 1/2-1/2

[Event "II Open"]
[Site "Bergamo ITA"]
[Date "2003.07.27"]
[Round "5"]
[White "Contin, Daniel"]
[Black "Pilgaard, Kim"]
[Result "1-0"]
[WhiteElo "2356"]
[BlackElo "2446"]
[PlyCount "65"]
[EventDate "2003.07.25"]

1.Nf3 Nf6 2.c4 e6 3.g3 d5 4.b3 c5 5.Bg2 Nc6 6.O-O Be7 7.e3 O-O 8.Qe2 b6 9.
Bb2 Bb7 10.Rd1 Qc7 11.Nc3 Rad8 12.cxd5 Nxd5 13.Nxd5 Rxd5 14.Rac1 Qb8 15.d4
cxd4 16.Nxd4 Nxd4 17.exd4 Rd7 18.d5 Bc5 19.b4 Bxb4 20.Qg4 f5 21.Qxb4 Rfd8 
22.Re1 Bxd5 23.Bxd5 exd5 24.Qd4 Qd6 25.Re5 Qg6 26.Rce1 Qf7 27.Rd1 h6 28.
Rd3 Qg6 29.Rf3 f4 30.Rxf4 Qb1+ 31.Kg2 Qxa2 32.Rg4 g5 33.Rexg5+ 1-0

[Event "II Open"]
[Site "Bergamo ITA"]
[Date "2003.07.27"]
[Round "5"]
[White "Lazic, Miroljub"]
[Black "Drei, Andrea"]
[Result "0-1"]
[WhiteElo "2506"]
[BlackElo "2224"]
[PlyCount "66"]
[EventDate "2003.07.25"]

1.g3 c5 2.c4 Nc6 3.Bg2 g6 4.Nc3 Bg7 5.e3 h5 6.h3 Nh6 7.Nge2 Nf5 8.O-O Rb8 
9.a3 a6 10.b4 cxb4 11.axb4 Nxb4 12.d4 Nc6 13.d5 Na7 14.c5 Nb5 15.Nxb5 Bxa1
16.e4 axb5 17.exf5 d6 18.cxd6 Qxd6 19.fxg6 Qxg6 20.Nf4 Qd6 21.Nxh5 Be5 22.
Re1 Bd7 23.Nf4 Ra8 24.Nd3 Bc3 25.Bf4 Qf6 26.Be5 Bxe5 27.Nxe5 Ra2 28.Bf3 
Qb6 29.Re3 Qa7 30.Qd3 Ra1+ 31.Bd1 Qa4 32.Re1 Qa3 33.Qc2 Ra2 0-1

[Event "II Open"]
[Site "Bergamo ITA"]
[Date "2003.07.27"]
[Round "5"]
[White "Perissinotto, Claudio"]
[Black "Dervishi, Erald"]
[Result "0-1"]
[WhiteElo "2092"]
[BlackElo "2495"]
[PlyCount "94"]
[EventDate "2003.07.25"]

1.e4 e5 2.Nf3 Nc6 3.Bb5 a6 4.Ba4 Nf6 5.O-O Be7 6.Re1 b5 7.Bb3 d6 8.c3 O-O 
9.h3 Bb7 10.d4 Re8 11.Ng5 Rf8 12.Nf3 h6 13.Nbd2 Re8 14.Nf1 Bf8 15.Ng3 Na5 
16.Bc2 Nc4 17.b3 Nb6 18.Bb2 g6 19.Qd2 Bg7 20.Rad1 Nfd7 21.Nh2 h5 22.Bc1 
Qe7 23.f4 exf4 24.Qxf4 Rac8 25.Nf3 c5 26.Bb1 Nf8 27.Bb2 Nbd7 28.Re2 Nf6 
29.Rde1 Qc7 30.Qh4 N6h7 31.Rf1 Ne6 32.e5 Bxf3 33.Rxf3 dxe5 34.dxe5 Neg5 
35.Rfe3 Rxe5 36.Rxe5 Bxe5 37.Nxh5 Rd8 38.Bc2 gxh5 39.Qxh5 f6 40.h4 Ne6 41.
Qg4+ Ng7 42.h5 Ng5 43.Bc1 Bh2+ 44.Kh1 Qg3 45.Qxg3 Bxg3 46.h6 Re8 47.Rxe8+ 
Nxe8 0-1

[Event "II Open"]
[Site "Bergamo ITA"]
[Date "2003.07.27"]
[Round "5"]
[White "Vezzosi, Paolo"]
[Black "De Palma, Fabrizio"]
[Result "1-0"]
[WhiteElo "2371"]
[BlackElo "1845"]
[PlyCount "83"]
[EventDate "2003.07.25"]

1.d4 g6 2.e4 Bg7 3.Nc3 d6 4.Be3 Nd7 5.Nf3 Ngf6 6.Bc4 O-O 7.e5 Ng4 8.e6 
Nxe3 9.exf7+ Kh8 10.fxe3 Nb6 11.Qe2 Nxc4 12.Qxc4 e6 13.h4 d5 14.Qd3 Rxf7 
15.O-O-O c5 16.dxc5 Qa5 17.h5 Rf5 18.hxg6 h6 19.e4 Rf8 20.Qe3 dxe4 21.
Rxh6+ Kg8 22.Rdh1 Qc7 23.Nxe4 Bxh6 24.Qxh6 Qf4+ 25.Qxf4 Rxf4 26.Nd6 Rg4 
27.Ne5 Rxg2 28.Ne8 Rg5 29.g7 Rxg7 30.Nxg7 Kxg7 31.Rf1 Kg8 32.b4 b5 33.Kb2 
a5 34.c3 axb4 35.cxb4 Ra7 36.Rd1 Rc7 37.Rd6 Kg7 38.Nc6 Kf6 39.Nd4 Bd7 40.
c6 Bc8 41.Nxb5 Ke5 42.Rd8 1-0

[Event "II Open"]
[Site "Bergamo ITA"]
[Date "2003.07.27"]
[Round "6"]
[White "Braghetta, Sergio"]
[Black "Belotti, Bruno"]
[Result "0-1"]
[WhiteElo "2258"]
[BlackElo "2435"]
[PlyCount "68"]
[EventDate "2003.07.25"]

1.e4 c5 2.Nf3 d6 3.d4 cxd4 4.Nxd4 Nf6 5.Nc3 Nc6 6.Bg5 e6 7.Qd2 Be7 8.O-O-O
O-O 9.Nb3 Qb6 10.f3 Rd8 11.Kb1 a6 12.Be3 Qc7 13.Qf2 Nd7 14.g4 b5 15.h4 
Nce5 16.g5 b4 17.Ne2 a5 18.Nf4 a4 19.Nd4 Nc5 20.h5 Bxg5 21.Rg1 f6 22.Bh3 
Qe7 23.Nd3 Nexd3 24.cxd3 Bxe3 25.Qxe3 Bd7 26.Rg3 Kh8 27.f4 e5 28.Nf3 Bxh3 
29.Rxh3 a3 30.b3 exf4 31.Qf2 Qe6 32.Qg2 Nxb3 33.Rg1 Rd7 34.Nh4 Nd2+ 0-1

[Event "II Open"]
[Site "Bergamo ITA"]
[Date "2003.07.27"]
[Round "6"]
[White "Dervishi, Erald"]
[Black "Contin, Daniel"]
[Result "1-0"]
[WhiteElo "2495"]
[BlackElo "2356"]
[PlyCount "69"]
[EventDate "2003.07.25"]

1.e4 e6 2.d4 d5 3.Nd2 a6 4.Bd3 c5 5.dxc5 Bxc5 6.Ngf3 Nf6 7.Qe2 Nc6 8.c3 
O-O 9.O-O Ng4 10.Bc2 Bd6 11.h3 Nge5 12.Nxe5 Nxe5 13.Nf3 Nxf3+ 14.Qxf3 dxe4
15.Qxe4 f5 16.Qd3 Bc7 17.Qxd8 Rxd8 18.Bg5 Re8 19.Rad1 h6 20.Be3 Kf7 21.Bc5
Rd8 22.Bb3 b6 23.Bd4 Bb7 24.Rfe1 Bd5 25.c4 Be4 26.f3 Bc6 27.c5 Bd5 28.Bxd5
Rxd5 29.cxb6 Bg3 30.Bf2 Bxf2+ 31.Kxf2 Rad8 32.Rxd5 Rxd5 33.Re3 Rd2+ 34.Ke1
Rd7 35.Ra3 1-0

[Event "II Open"]
[Site "Bergamo ITA"]
[Date "2003.07.27"]
[Round "6"]
[White "Gosio, Denis"]
[Black "Drazic, Sinisa"]
[Result "1-0"]
[WhiteElo "2160"]
[BlackElo "2463"]
[PlyCount "83"]
[EventDate "2003.07.25"]

1.e4 Nf6 2.e5 Nd5 3.d4 d6 4.Nf3 Nb6 5.Be2 dxe5 6.Nxe5 N8d7 7.Nf3 Nf6 8.O-O
g6 9.h3 Bg7 10.c4 O-O 11.Nc3 c6 12.Be3 Bf5 13.Qd2 Ne4 14.Nxe4 Bxe4 15.Ng5 
Bf5 16.Rad1 f6 17.Nf3 Be6 18.b3 Bf7 19.Bh6 a5 20.Bxg7 Kxg7 21.Rfe1 Qc7 22.
Qc3 Rfe8 23.Bd3 Nd7 24.Re3 b6 25.Rde1 Qd6 26.g3 Ra7 27.h4 h6 28.h5 g5 29.
d5 cxd5 30.Nd4 Qb4 31.Qc2 Ne5 32.Rxe5 fxe5 33.Rxe5 e6 34.Bg6 Qf8 35.cxd5 
exd5 36.Nf5+ Kg8 37.Qc3 Rd7 38.Rxe8 Bxe8 39.Bxe8 Qxe8 40.Nxh6+ Kh7 41.Ng4 
Kg8 42.Nf6+ 1-0

[Event "II Open"]
[Site "Bergamo ITA"]
[Date "2003.07.27"]
[Round "6"]
[White "Pilgaard, Kim"]
[Black "Vezzosi, Paolo"]
[Result "1-0"]
[WhiteElo "2446"]
[BlackElo "2371"]
[PlyCount "47"]
[EventDate "2003.07.25"]

1.e4 c6 2.c4 e5 3.Nf3 d6 4.d4 Qc7 5.Nc3 Bg4 6.Be3 Nf6 7.h3 Bxf3 8.Qxf3 Be7
9.Be2 Nbd7 10.d5 a5 11.b3 O-O 12.g4 Nc5 13.g5 Nfd7 14.h4 Nb6 15.Rd1 Rad8 
16.Qh3 Nbd7 17.Rg1 Qb6 18.Bg4 Qb4 19.Bd2 Qa3 20.h5 Nb6 21.g6 Bf6 22.gxf7+ 
Rxf7 23.Rb1 Qb4 24.Na4 1-0